ESSENTIALS OF MEDICAL SURGICAL NURSING (Record no. 24928)

MARC details
000 -LEADER
fixed length control field 00431nam a22001697a 4500
003 - CONTROL NUMBER IDENTIFIER
control field SGT
020 ## - INTERNATIONAL STANDARD BOOK NUMBER
International Standard Book Number 9788194709084
082 ## - DEWEY DECIMAL CLASSIFICATION NUMBER
Classification number 610.7367
Item number E21B
100 ## - MAIN ENTRY--PERSONAL NAME
Personal name BASAVANTHAPPA, BT.
245 ## - TITLE STATEMENT
Title ESSENTIALS OF MEDICAL SURGICAL NURSING
250 ## - EDITION STATEMENT
Edition statement 2ND
260 ## - PUBLICATION, DISTRIBUTION, ETC. (IMPRINT)
Place of publication, distribution, etc INDIA
Name of publisher, distributor, etc JAYPEE PUB
Year of Publication 2021
300 ## - PAGE DESCRIPTION
No. of Pages 674
650 ## - SUBJECT ADDED ENTRY--TOPICAL TERM
Topical term or geographic name as entry element MEDICAL SURGICAL NURSING
653 ## - KEYWORDS--INDEX TERM
Keyword term ESSENTIALS OF MEDICAL SURGICAL NURSING
942 ## - ADDED ENTRY ELEMENTS (KOHA)
Source of classification or shelving scheme Dewey Decimal Classification
Koha item type Books
942 ## - ADDED ENTRY ELEMENTS (KOHA)
-- 69
Holdings
Withdrawn status Lost status Source of classification or shelving scheme Damaged status Not for loan Collection code Home library Current library Shelving location Date acquired Vendor Name Cost, normal purchase price SGTU Bill Number Full call number Accession No. (Barcode) Date last seen Bill Date Koha item type Total Checkouts Date last borrowed Total Renewals
    Dewey Decimal Classification   Not For Loan NURSING SGT Medical Library SGT Medical Library Text Book 02/09/2023 ABC DELHI 1095.00 SGTU 16927 610.7367 E21B FN5201 02/09/2023 20/06/2023 Books      
    Dewey Decimal Classification     NURSING SGT Medical Library SGT Medical Library Text Book 02/09/2023 ABC DELHI 1095.00 SGTU 16927 610.7367 E21B FN5202 10/03/2026 20/06/2023 Books 17 10/03/2026  
    Dewey Decimal Classification     NURSING SGT Medical Library SGT Medical Library Text Book 02/09/2023 ABC DELHI 1095.00 SGTU 16927 610.7367 E21B FN5203 24/11/2025 20/06/2023 Books 22 24/11/2025  
    Dewey Decimal Classification     NURSING SGT Medical Library SGT Medical Library Text Book 02/09/2023 ABC DELHI 1095.00 SGTU 16927 610.7367 E21B FN5204 08/12/2025 20/06/2023 Books 27 24/11/2025 2
    Dewey Decimal Classification     NURSING SGT Medical Library SGT Medical Library Text Book 02/09/2023 ABC DELHI 1095.00 SGTU 16927 610.7367 E21B FN5205 31/10/2025 20/06/2023 Books 19 16/10/2025